Globalization and global trends in green real estate investment (Record no. 108909)

MARC details
000 -LEADER
fixed length control field 01394cad a22002295a 4500
001 - CONTROL NUMBER
control field L145768
008 - FIXED-LENGTH DATA ELEMENTS--GENERAL INFORMATION
fixed length control field 081106s2008 xxkd f s 000 0 eng d
035 ## - SYSTEM CONTROL NUMBER
System control number (Sirsi) u145768
041 0# - LANGUAGE CODE
Language code of text/sound track or separate title eng
050 04 - LIBRARY OF CONGRESS CALL NUMBER
Classification number 333.33 $2 18
100 1# - MAIN ENTRY--PERSONAL NAME
Personal name Nelson, Andrew
245 00 - TITLE STATEMENT
Title Globalization and global trends in green real estate investment
Medium [electronic resource]
260 ## - PUBLICATION, DISTRIBUTION, ETC.
Place of publication, distribution, etc. London
Name of publisher, distributor, etc. RREEF
Date of publication, distribution, etc. 2008
490 #0 - SERIES STATEMENT
Series statement Strategic Outlook
Volume/sequential designation 64 October 2008
520 ## - SUMMARY, ETC.
Summary, etc. Argues that a confluence of several distinct but related factors is forcing the real estate industry to address climate change with meaningful measures. Identifies tenant space requirements, government regulations, and demands for socially-responsible investments, as the key factors driving a rapid transformation of property markets globally to greener construction and building operations. Suggests that the globalisation of property markets, and the rise of truly global investors are intensifying these trends. Forecasts good financial returns for greener buildings due to soaring energy prices and more affordable green technologies.
590 ## - LOCAL NOTE (RLIN)
Local note KA
650 24 - SUBJECT ADDED ENTRY--TOPICAL TERM
Topical term or geographic name entry element RREEF STRATEGIC OUTLOOK
651 #4 - SUBJECT ADDED ENTRY--GEOGRAPHIC NAME
Geographic name International
690 ## - LOCAL SUBJECT ADDED ENTRY--TOPICAL TERM (OCLC, RLIN)
Topical term or geographic name as entry element PROPERTY-COMMERCIAL PROPERTY-COMMERCIAL PROPERTY MARKET
856 40 - ELECTRONIC LOCATION AND ACCESS
Uniform Resource Identifier <a href="https://www.rreef.com/cps/rde/xchg/ai_en/hs.xsl/3092.html">https://www.rreef.com/cps/rde/xchg/ai_en/hs.xsl/3092.html</a>
Public note View the report free of charge at www.rreef.com...
942 ## - ADDED ENTRY ELEMENTS (KOHA)
Suppress in OPAC 0
Holdings
Withdrawn status Lost status Source of classification or shelving scheme Damaged status Not for loan Home library Current library Shelving location Date acquired Total Checkouts Full call number Barcode Date last seen Copy number Price effective from Koha item type
    Dewey Decimal Classification     Virtual Virtual Online 06/11/2008   ONLINE PUBLICATION 145768-2001 06/08/2019 1 06/08/2019 Book